000 00831nam a2200253 a 4500
001 000025213
005 20250206095450.0
008 090716s2006 dr a 000 f spa d
020 _a1932271430
040 _aDO-SdBNP
_bspa
_cBNPHU
082 _aRD863.5
_bA577h, 2006
100 1 _aAndújar, R. Emmanuel |
_q (Rey Emmanuel)
_96668
245 1 3 _aEl hombre triángulo /
_cReynolds Emmanuel Andújar.
250 _a2a. ed.
260 _aSan Juan :
_bIsla Negra,
_c2006.
300 _a66 p. :
_bil. ;
_c22 cm.
490 1 _aLa montaña de papel
500 _aIncluye datos biográficos del autor en la solapa de la cubierta
590 _aInventariado, 2020/VM
650 0 _aNovela dominicana
_9223
650 0 _aLiteratura dominicana.
_967
830 0 _aLa montaña de papel
_91186
910 _aValidado. Control de calidad MFF
999 _c24706
_d24706